| 000 | 00855 a2200253 4500 | ||
|---|---|---|---|
| 001 | 200045310 | ||
| 999 |
_c200045310 _d33235 |
||
| 003 | TR-AnTOB | ||
| 005 | 20240923163130.0 | ||
| 008 | 120828s2011 tu 000 0 | ||
| 040 | _aTR-AnTOB | ||
| 041 | _atur | ||
| 050 |
_aLF5250 _b.B38 2011 |
||
| 090 | _aLF5250 .B38 2011 | ||
| 245 | 0 |
_aBatman Üniversitesi 2011 yılı idari faaliyet raporu / _cBatman Üniversitesi. |
|
| 264 | 1 |
_aBatman : _bBatman Üniversitesi , _c2011. |
|
| 300 |
_a77 p. : _btabl. ; _c30 cm. |
||
| 505 | _aI. Genel bilgiler -- II. Amaçlar ve hedefler -- III. Faaliyetlere ilişkin bilgi ve değerlendirmeler. | ||
| 650 | 0 |
_aÜniversiteler ve yüksekokullar _zTürkiye _zBatman _983699 |
|
| 650 | 0 |
_aUniversities and colleges _zTurkey _zBatman _983698 |
|
| 710 | 2 |
_aBatman Üniversitesi _983697 |
|
| 902 | _a0039869 | ||
| 942 | _cBK | ||